000 00396nam a2200181Ia 4500
001 15824
005 20260306170224.0
008 260306t2009||||xx |||||||||||||| ||und||
041 _aESP
082 _a620.11
_bG37
100 _aGere, James M.
_eAUT
245 0 _aMecánica de materiales
260 _c2009
300 _a
_c
650 _aGEN
654 _aCII
942 _cLIB
_dJUS
_fJUS
_2ddc
_n
999 _c15824
_d15824